书目信息 |
| 题名: |
现代经济学大典
|
|
| 作者: | 洪银兴 总主编 ;林木西 主编 | |
| 分册: | 国民经济学分册 | |
| 出版信息: | 北京 经济科学出版社 2016 |
|
| 页数: | 229页 | |
| 开本: | 25cm | |
| 丛书名: | ||
| 单 册: | ||
| 中图分类: | F0-61 , F20-61 | |
| 科图分类: | ||
| 主题词: | 经济学--jing ji xue--名词术语 , 国民经济--guo min jing ji--经济学--名词术语 | |
| 电子资源: | ||
| ISBN: | 978-7-5141-7117-4 | |
| 000 | 01098nam0 22002891 450 | |
| 001 | 1730346743 | |
| 005 | 20170527085650.04 | |
| 010 | @a978-7-5141-7117-4@dCNY89.00 | |
| 100 | @a20161027d2016 em y0chiy50 ea | |
| 101 | 0 | @achi@eeng |
| 102 | @aCN@b110000 | |
| 105 | @ay z 000yy | |
| 106 | @ar | |
| 200 | 1 | @a现代经济学大典@Axian dai jing ji xue da dian@i国民经济学分册@f洪银兴总主编@g林木西主编 |
| 210 | @a北京@c经济科学出版社@d2016 | |
| 215 | @a229页@d25cm | |
| 300 | @a国家出版基金项目 | |
| 304 | @a英文共同题名:A dictionary of modern economics | |
| 330 | @a本书涉及理论经济学和应用经济学两个一级学科门类的14个学科或领域,本册为国民经济学分册,主要内容包括:国民经济学、国民经济管理体制、国民经济运行机制、国民经济调控理论、国民经济监督理论等。 | |
| 606 | 0 | @a经济学@Ajing ji xue@x名词术语 |
| 606 | 0 | @a国民经济@Aguo min jing ji@x经济学@x名词术语 |
| 690 | @aF0-61@v5 | |
| 690 | @aF20-61@v5 | |
| 701 | 0 | @a洪银兴@Ahong yin xing@f(1950~)@4总主编 |
| 702 | 0 | @a林木西@Alin mu xi@f(1954.12~)@4主编 |
| 801 | 0 | @aCN@bTANG WEI@c20170524 |
| 905 | @b0969901-4@dF0-61@e508:9@f4 | |
| 现代经济学大典.国民经济学分册/洪银兴总主编/林木西主编 .-北京:经济科学出版社,2016 |
| 229页;25cm |
| 国家出版基金项目 |
| ISBN 978-7-5141-7117-4:CNY89.00 |
| 本书涉及理论经济学和应用经济学两个一级学科门类的14个学科或领域,本册为国民经济学分册,主要内容包括:国民经济学、国民经济管理体制、国民经济运行机制、国民经济调控理论、国民经济监督理论等。 |
| ● |
| 相关链接 |
|
|
|
|
正题名:现代经济学大典
索取号:F0-61/508:9
 
预约/预借
| 序号 | 登录号 | 条形码 | 馆藏地/架位号 | 状态 | 备注 |
| 1 | 0969901 | 209699012 | 第一样本阅览室/ [索取号:F0-61/508:9] | 在馆 | |
| 2 | 0969902 | 209699021 | 第一借阅区/ [索取号:F0-61/508:9] | 在馆 | |
| 3 | 0969903 | 209699030 | 第一借阅区/ [索取号:F0-61/508:9] | 在馆 | |
| 4 | 0969904 | 209699049 | 密集书库-海洋学院/ [索取号:F0-61/508:9] | 在馆 |